Cupid's Chokehold - Gym Class Heroes Feat. Patrick Stump - All Lyrics - Statistics

General Stats
  • This quiz has been taken 152 times
  • The average score is 457 of 556
Answer Stats
Answer % Correct
a
100%
go
99%
I
99%
Mbabarara,
99%
mbabarara
99%
mbabarara,
99%
(Mbabarara)
99%
(Mbabarara,
99%
mbabarara)
99%
the
99%
my
98%
on
98%
on)
98%
she
98%
She
98%
girl
96%
girlfriend
96%
got
96%
one
96%
at
95%
look
95%
of
95%
only
95%
She’s
95%
She's
95%
she's
95%
Take
95%
take
95%
that
95%
to
95%
love
94%
love,
94%
Not
94%
not
94%
(Not
94%
so
94%
And
93%
and
93%
much
93%
If
91%
if
91%
in
91%
is
91%
it
91%
know
91%
be
90%
me
90%
don't
89%
son
89%
what
89%
even
88%
get
88%
make
88%
never
88%
then
88%
you
88%
seem
87%
ain't
85%
But
85%
but
85%
(But
85%
her
85%
I'm
85%
(I'm
85%
we
85%
We
85%
lot
84%
when
84%
have
83%
pancakes
83%
Cupid
82%
sun
82%
aches
80%
makes
80%
tummy
80%
band
79%
chokehold
79%
Momma,
79%
gun
78%
I’d
78%
It's
78%
It’s
78%
like
78%
loves
78%
music
78%
or
78%
choose
77%
fell
77%
had
77%
handshake
77%
say
77%
cooks
76%
by
74%
sound
74%
again
73%
new
73%
nocturnal
73%
old,
73%
old
73%
last
72%
secret
72%
young,
72%
own
70%
This
68%
this
68%
bad
67%
joke
67%
phone
67%
ringtone
67%
safe
67%
sounds
67%
been
66%
Call
66%
call
66%
gonna
66%
way
66%
since
65%
your
65%
ever
63%
song
63%
heard
62%
long
62%
spoke
62%
very
62%
every
61%
for
61%
mean,
61%
while
61%
picture
60%
proud
60%
wallet,
60%
everywhere
59%
smile
59%
talk
59%
time
59%
calls
57%
keep
57%
might
57%
about
56%
can
56%
didn't
56%
found
56%
hours
56%
says
56%
girls
55%
give
55%
man
55%
(Man,
55%
as
54%
Dad,
54%
name
54%
sure,
54%
talked
54%
whole
54%
fast
52%
home
52%
more
52%
type
52%
word)
52%
may
51%
sayin'
51%
some
51%
tell
51%
afraid
50%
door,
50%
hard
50%
laugh
50%
ten
50%
that'll
50%
arms
49%
back
49%
drive
49%
dumb,
49%
once
49%
three
49%
tryin'
49%
open
48%
soon
48%
thinkin'
48%
porcelain
46%
skin,
46%
whatever
46%
course
45%
now
45%
She’ll
45%
swear)
45%
Alka-Seltzer
44%
arrive
44%
bite
43%
cutest
43%
done)
43%
finally
43%
flag
43%
floor
43%
off
43%
plane
43%
tongue
43%
wavin'
43%
coat,
41%
into
41%
there
41%
promise
40%
his
39%
most
39%
white
39%
bag
38%
eyes
38%
movin'
38%
would
37%
doesn't
34%
sunrise
34%
annoying
33%
stop
33%
cherish
32%
comparable
32%
throw
32%
future,
30%
main
30%
moment
30%
still
30%
senile
29%
mat,
28%
Towel’s
28%
component
27%
luck,
27%
build
23%
start
21%
No matching quizzes found
Score Distribution
Percent of People with Each Score
Percentile by Number Answered
Your Score History
You have not taken this quiz